Marvel Rivals: Spider-Man Skins by Picture - Statistics

General Stats
  • This quiz has been taken 32 times
    31 since last reset
  • The average score is 7 of 12
Answer Stats
Picture Answer % Correct
Future Foundation
84%
Iron Spider
84%
Marvel's Spider-Man 2
79%
Bag-Man Beyond
74%
Man-Spider
63%
Spider-Man: No Way Home
63%
Scarlet Spider
53%
Spider-Punk 2099
47%
Black Suit
42%
Chasm
42%
Spider-Oni
42%
Black & Gold
32%
No matching quizzes found
Score Distribution
Percent of People with Each Score
Percentile by Number Answered
Your Score History
You have not taken this quiz since the last reset